Ukraine Crissis: (Record no. 191658)

MARC details
000 -LEADER
fixed length control field 00545nam a22001817a 4500
005 - DATE AND TIME OF LATEST TRANSACTION
control field 20220831115443.0
010 ## - LCCN (DPL NO)
LC control number ENG-134289
020 ## - INTERNATIONAL STANDARD BOOK NUMBER
International Standard Book Number 9789394830042
Terms of availability 100.00
035 ## - SYSTEM CONTROL NUMBER
System control number EN-117821
037 ## - SOURCE OF ACQUISITION
Source of stock number/acquisition DBAD/PUB
082 ## - DEWEY DECIMAL CLASSIFICATION NUMBER
Classification number 327.540477
100 ## - MAIN ENTRY--PERSONAL NAME
Personal name Roy, Kallol
245 ## - TITLE STATEMENT
Title Ukraine Crissis:
Remainder of title Impact on India's Economy/
Statement of responsibility, etc Kallol Roy
260 ## - PUBLICATION, DISTRIBUTION, ETC. (IMPRINT)
Place of publication, distribution, etc West Bengal
Name of publisher, distributor, etc Kamlesh Nanda
Date of publication, distribution, etc 2022
270 ## - ADDRESS
Address Kharagpur, Midnapore
City West Bengal
Electronic mail address kabitika10@gmail.com
300 ## - PHYSICAL DESCRIPTION
Extent 80p.
Dimensions 21cm(pbk)
942 ## - ADDED ENTRY ELEMENTS (KOHA)
Source of classification or shelving scheme Dewey Decimal Classification
Item type English Books
Classification part 327.540477
Call number suffix ROY
Holdings
Withdrawn status Lost status Not for loan Collection code Home library Current library Date acquired Source of acquisition Cost, normal purchase price Full call number Barcode Copy number Cost, replacement price Koha item type
      Non-fiction Bawana Bawana 31/08/2022 DBAD/PUB 100.00 327.540477 ROY EN-117821 1 100.00 English Books

© Delhi Public Library
Hit Counter
free hit counter